00704 2200193 4500001002100000005001700021008004100038035002400079040001200103082001400115090002500129110008000154245012500234260004800359300003400407650003600441850001200477990002100489YOGYA-0209000005765720090227034243.0 ind  0010-020900000057657 aYOPDYOG a370.59823 aDEP 370.59823bInd L aINDONESIA. Departemen Pendidikan dan Kebudayaan Kantor Wilayah (Yogyakarta) aLaporan TahunanbKantor Wilayah Departemen Pendidikan dan Kebudayaan Propinsi Daerah Istimewa Yogyakarta Tahun 1991/1991 aYogyakartabDepdikbud Kanwil Prop DIYc1992 aii,297 lembarbilusc21x30 cm aDepdikbud DIY - Laporan Tahunan aYOPDYOG a91-153 h CB-D.11